00735nam a22002057a 4500003000500000005001700005008004100022010001000063011001000073035001000083040000900093082001500102110003300117245018900150260007100339300001100410650003100421650003400452650004300486CHAP20220329135647.0971013s1963 r 00010 d a40099 a41071 a45197 cCHAP a338.14bE8 aE.U.A. Leyes, decretos, etc. aLey sobre productos agrícolas de fácil descomposición y su reglamento y reglas de práctica subordinadas a la ley sobre productos agrícolas de fácil descomposición de 1930 aMéxico, D. F. :bAgencia para el Desarrollo Internacional,c1963 a102 p.14aAgriculturaxLeyesxE.U.A.14aProductos agrícolasxLeyes.14aProductos agrícolasxPreservación.